000 00413pab a2200157 454500
008 180718b2001 xxu||||| |||| 00| 0 eng d
100 _aSinha, Jai B.P.
245 _aMatching leadership roles with the nature of organisations
260 _c2001
300 _ap.80-92
362 _aJul
650 _aOrganizations
650 _aLeadership
773 _aIndian Journal of Industrial Relations
909 _a51283
999 _c51283
_d51283